000 01251nam a2200229Ia 4500
003 Ost
005 20260416102350.0
008 260416s9999||||xx |||||||||||||| ||und||
040 _cfsecg
041 _aara
082 _a519.2
100 _aمطالس،عبد القادر
_eمؤلف
245 0 _aمبادئ نظرية الإحتمالات (الإحصاء 2) /
_cعبد القادر مطالس
260 _aالجزائر
_bجامعة الجزائر3: كلية العلوم الإقتصادية، العلوم التجارية وعلوم التسيير
_c2014
300 _a153 ورقة
_bايضاحات
_c30 سم
520 _aالتحليل التوفيقي، مفاهيم عامة، الاحتمال الشرطي واستقلال الحوادث، المتغير العشوائي، التوزيعات الاحتمالية المتقطعة الشهيرة، التوزيعات الاحتمالية المستمرة الشهيرة
653 _aالاحتمالات
653 _aالتحليل التوافقي
653 _aالعينات العشوائية
710 _aجامعة الجزائر3: كلية العلوم الإقتصادية، العلوم التجارية وعلوم التسيير
_eناشر علمي
942 _cHANDOUT
999 _c40973
_d40973